The snowman.

Saved in:
Bibliographic Details
Format: Book
Language:English
Published: New York, Harper & Row [1973]
Edition:[1st ed.]
LEADER 00804nam a2200241 4500
001 c000074594
003 CARM
005 00000000000000.0
008 730424s1973 nyu 000 1 eng
010 |a 72009172 //r93 
019 1 |a 575898  |5 LACONCORD2021 
020 |a 0060127783 
035 |a (OCoLC)621896  |5 LACONCORD2021 
050 0 0 |a PZ4.M25  |b Sn3  |a PS3563.A4313 
082 0 0 |a 813/.5/4 
245 1 4 |a The snowman. 
250 |a [1st ed.] 
260 |a New York,  |b Harper & Row  |c [1973] 
300 |a 252 p.  |c 22 cm. 
500 |a "A Joan Kahn-Harper novel of suspense." 
852 8 |b CARM  |h A2:AB15B0  |i B02613  |p 0105041  |f BK 
999 f f |i e0051a1e-3f57-52af-b324-cd387c20dc6f  |s d3bad3ea-896e-55ec-b9c8-107e8d1d625e 
952 f f |p Can circulate  |a CAVAL  |b CAVAL  |c CAVAL  |d CARM 1 Store  |e B02613  |f A2:AB15B0  |h Other scheme  |i book  |m 0105041